000 00574nam a22001817a 4500
005 20160613115206.0
010 _aENG-115254
020 _a9789384082109
_c1595.00
035 _aEN-98786
037 _bDBAD/PUB
245 _aTarikh-i Firoz Shahi
_bTranleted from the Engish by Ishtiyaq Ahmad Zilli .
260 _aDelhi
_bPRIMUS BOOK
_c2015
270 _aAn imprint of Ratna Sagar,Virat Bhawan,Mukherjee Nagar Commercial Complex
_bDelhi
_e110009
300 _axii,396p.
_c24cm(Hb)
500 _aincludes index
700 _aZilli, Ishtiyaq Ahmad
942 _2ddc
_cEN
_mTAR
999 _c100287
_d100287